West Virginia Head Football Coaches by Picture - Statistics

General Stats
  • This quiz has been taken 25 times
  • The average score is 4 of 30
Answer Stats
Picture Hint Answer % Correct
2019-2024 Neal Brown
86%
2001-2007, 2024-Present Rich Rodriguez
86%
2011-2018 Dana Holgorsen
57%
2008-2010 Bill Stewart
52%
1970-1975 Bobby Bowden
52%
1980-2000 Don Nehlen
48%
1976-1979 Frank Cignetti Sr.
24%
1925-1930 | 1943-1945 Ira Rodgers
14%
1921-1924 Clarence Spears
5%
1931-1933 Greasy Neale
5%
1966-1969 Jim Carlen
5%
1950-1959 Art Lewis
0%
1940-1942 | 1946-1947 Bill Kern
0%
1905-1906 Carl Forkum
0%
1908-1911 Charles Augustus Lueder
0%
1934-1936 Charles Tallman
0%
1907 Clarence W. Russell
0%
1948-1949 Dudley DeGroot
0%
1913 Edwin Sweetland
0%
1891 Frederick Lincoln Emory
0%
1893-1894 F. William Rane
0%
1960-1965 Gene Corum
0%
1897 George Krebs
0%
1902 Harold J. Davall
0%
1899 | 1901 Lewis Yeager
0%
1937-1939 Marshall Glenn
0%
1916-1917 | 1919-1920 Mont McIntire
0%
1914-1915 Sol Metzger
0%
1896 Thomas Trenchard
0%
1912 William P. Edmunds
0%
No matching quizzes found
Score Distribution
Percent of People with Each Score
Percentile by Number Answered
Your Score History
You have not taken this quiz